000 01210nam a2200361 c 4500
001 8626
003 ES-MaCES
005 20160412133926.0
008 990405s1998 sp o000 | spa d
017 _aM 41163-1998
_bDL
035 _aCES19990004969m
040 _aES-MaCES
_bspa
_cES-MaCES
245 0 3 _aLa prueba en el proceso laboral
_cdirector, Jordi Agustí Juliá
260 _aMadrid
_bConsejo General del Poder Judicial
_c1998
300 _a365 p.
_c22 cm
490 1 _aCuadernos de derecho judicial
_v23-1997
504 _aBibliografía
541 _cGratuito
650 4 _acarga de la prueba
_929862
650 4 _aprocedimiento judicial
_929889
650 4 _aprocedimiento laboral
_930887
650 4 _aindagación laboral
_929876
650 4 _aseguridad social
_927034
650 4 _aEspaña
_926964
650 4 _aderecho del trabajo
_927165
653 1 0 _aDerecho del trabajo y Seguridad Social
710 2 _aEspaña
_bConsejo General del Poder Judicial
_eed.
_92750
700 1 _95712
_aAgustí Julià, Jordi
_edir.
830 0 _aCuadernos de derecho judicial
_v23-1997
_932957
902 _aLIB Libro
942 _2CES
_cBK
_h6.0.1.
999 _c8626
_d8626